Olympique de Marseille Squad 2021-2022 - Statistics

General Stats
  • This quiz has been taken 23 times
  • The average score is 18 of 27
Answer Stats
# Position Nation Player % Correct
7 MF Morocco Amine Harit
89%
9 FW Poland Arkadiusz Milik
89%
5 DF Argentina Leonardo Balerdi
89%
6 MF France Mattéo Guendouzi
89%
16 GK Spain Pau López
89%
30 GK France Steve Mandanda
89%
17 FW Turkey Cengiz Ünder
83%
10 MF France Dimitri Payet
83%
8 MF Brazil Gerson
83%
20 FW United States Konrad de la Fuente
83%
11 FW Brazil Luis Henrique
83%
23 DF Bosnia and Herzegovina Sead Kolašinac
83%
21 MF France Valentin Rongier
78%
- Coach Argentina Jorge Sampaoli
72%
22 MF Senegal Pape Gueye
72%
3 DF Spain Álvaro González
67%
15 DF Croatia Duje Ćaleta-Car
67%
29 DF Spain Pol Lirola
67%
2 DF France William Saliba
61%
12 FW Senegal Bamba Dieng
56%
4 MF France Boubacar Kamara
50%
13 FW DR Congo Cédric Bakambu
44%
23 DF France Jordan Amavi
44%
14 DF Brazil Luan Peres
39%
1 GK Cameroon Simon Ngapandouetnbu
33%
32 FW France Salim Ben Seghir
17%
26 MF Morocco Oussama Targhalline
11%
No matching quizzes found
Score Distribution
Percent of People with Each Score
Percentile by Number Answered
Your Score History
You have not taken this quiz